书目信息 |
| 题名: |
照相化学药品
|
|
| 作者: | 公安部警察干校 编 | |
| 分册: | ||
| 出版信息: | 北京 群众出版社 1982.12 |
|
| 页数: | 71页 | |
| 开本: | 20cm | |
| 丛书名: | ||
| 单 册: | ||
| 中图分类: | TB88 | |
| 科图分类: | ||
| 主题词: | 摄影--洗印--技术 | |
| 电子资源: | ||
| ISBN: | ||
| 000 | 00530nam0 2200181 45 | |
| 001 | 0312221749 | |
| 005 | 20060802094452.96 | |
| 010 | @dCNY0.23 | |
| 100 | @a20031222d1982 km y0chiy0120 ea | |
| 101 | @achi | |
| 200 | 1 | @a照相化学药品@AZhao Xiang Hua Xue Yao Pin@f公安部警察干校编@FGong An Bu Jing Cha Gan Xiao Bian |
| 210 | @a北京@c群众出版社@d1982.12 | |
| 215 | @a71页@d20cm | |
| 606 | 0 | @a摄影@x洗印@x技术 |
| 690 | @aTB88@v3 | |
| 701 | 0 | @a公安部警察干校@4编 |
| 801 | @aCN@bTSTCL@c20060802 | |
| 905 | @a213230@dTB88@e3@b160183-184@f2 | |
| 照相化学药品/公安部警察干校编.-北京:群众出版社,1982.12 |
| 71页;20cm |
| ISBN :CNY0.23 |
| ● |
| 相关链接 |
|
|
|
|
正题名:照相化学药品
索取号:TB88/3
 
预约/预借
| 序号 | 登录号 | 条形码 | 馆藏地/架位号 | 状态 | 备注 |
| 1 | 0160183 | 001359764 | 第三借阅区/ [索取号:TB88/3] | 在馆 | |
| 2 | 0160184 | 001359773 | 第二样本阅览室/ [索取号:TB88/3] | 在馆 | |
| 3 | 0439432 | 204394324 | 密集书库/ [索取号:TB88/3] | 在馆 |